Tirade de FRANCIS HUSTER sur le PAPE - Statistiques

Statistiques générales
  • Ce quiz a été pris 106 fois
  • Le résultat moyen est 82 sur 129
Statistiques - réponses
Réponse % Correct
C'
96%
a
94%
à
94%
l'
94%
pape
93%
je
91%
Christ
90%
Christ!"
90%
le
90%
d'
88%
représente
88%
au
87%
Vatican
87%
Vatican?
87%
moi
85%
"Tuez
85%
de
84%
Kiev
84%
dire
82%
dire :
82%
et
82%
qu'
82%
est
81%
Est
81%
aller
79%
il
78%
Il
78%
reste
78%
resté
78%
Kennedy
76%
lieu
76%
n'
76%
John
74%
des
72%
ce
71%
Ukrainiens,
68%
Ukrainiens
68%
que
66%
chrétiens,
65%
aurait
63%
Fitzgerald
63%
ça
62%
laissé
62%
se
62%
y
62%
millions
60%
Jamais
59%
Biden
57%
pas.
57%
sont
57%
en
56%
faire
56%
Ukraine,
56%
vous
56%
Joe
54%
Amerique.
51%
Amérique,
51%
70 %
50%
qui
50%
déshonoré
47%
passe
47%
serait
47%
croyez
44%
Jésus
44%
Roosevelt
43%
42
40%
coupable,
40%
Regardez
35%
bien
34%
comme
31%
visage
31%
vie
29%
Oui,
26%
leur
25%
les
22%
brisée?
21%
train
21%
déshonorer
19%
Français.
18%
nous
18%
nous,
18%
Certainement
15%
voir
13%
absolument,
12%
absolument.
12%
abandonnés,
7%
deshononoré
0%
Reagrdez
0%
Aucun quiz correspondant
Distribution des résultats
% des personnes avec chaque résultat
Percentile par nombre de réponses
Votre historique - résultats
Vous n’avez pas pris ce quiz